000 00747nam a22002297a 4500
005 20170124110004.0
010 _aA-753095
020 _c00.00
_a8185880778
035 _aA-753095
037 _bCen Lib/Ret
040 _aDPL
_bEN
082 _a230.1
_bADH
245 _aThe adhyatma Ramayana :
_ctranslated by Chandan Lal Dhody
_bconcise English version /
260 _aNew Delhi
_bM D Publications
_c1995
270 _bNew Delhi
_aM D House, 11 Darya Ganj
_e110002
300 _axvii,291p.
_c24cm(Hb)
500 _aIncludes bibliographical references and index
650 _aRāma (Hindu deity)
_973897
650 _aHinduism--Ramayana
_973898
700 _aDhody, Chandan Lal
_916515
942 _2ddc
_cEN
_h230.1
_mADH
999 _c126079
_d126079